[Event "Seefeld op 13th"]
[Site "Seefeld"]
[Date "2002.09.20"]
[Round "7"]
[White "Roemer, Ulrich"]
[Black "Joerdens, Detlef"]
[Result "1-0"]
[WhiteElo "2296"]
[BlackElo "2066"]
[PlyCount "74"]
[EventDate "2002.09.14"]
[EventType "swiss"]
[EventRounds "9"]
[EventCountry "AUT"]
[SourceTitle "EXT 2007"]
[Source "ChessBase"]
[SourceDate "2006.11.23"]
[SourceVersion "1"]
[SourceVersionDate "2006.11.23"]
[SourceQuality "1"]

1. d4 c5 2. e3 d5 3. c4 Nf6 4. cxd5 cxd4 5. exd4 Nxd5 6. Nc3 e6 7. Bd3 g6 8. Nf3 Bg7 9. 0-0 0-0 10. Bg5 Qa5 11. Qd2 Nc6 12. Bh6 Bd7 13. Rfe1 Rad8 14. Be4 Nf6 15. Bxg7 Kxg7 16. Bxc6 Bxc6 17. Ne5 Bd5 18. Re3 Qb4 19. Rh3 h5 20. a3 Qe7 21. Re1 b6 22. Qg5 Rh8 23. Ne2 Ng8 24. Qg3 Be4 25. Nf4 h4 26. Qe3 Bb7 27. Nexg6 fxg6 28. Nxe6+ Kh7 29. Ng5+ Kg7 30. Qxe7+ Nxe7 31. Rxe7+ Kf6 32. Rxb7 Kxg5 33. Rd3 Rhe8 34. Kf1 Re4 35. Rxa7 Rexd4 36. Rxd4 Rxd4 37. Ke2 Rd6 1-0

[Event "Seefeld op 13th"]
[Site "Seefeld"]
[Date "2002.09.19"]
[Round "6"]
[White "Joerdens, Detlef"]
[Black "Verhoef, Helge"]
[Result "1-0"]
[WhiteElo "2066"]
[BlackElo "1917"]
[PlyCount "77"]
[EventDate "2002.09.14"]
[EventType "swiss"]
[EventRounds "9"]
[EventCountry "AUT"]
[SourceTitle "EXT 2007"]
[Source "ChessBase"]
[SourceDate "2006.11.23"]
[SourceVersion "1"]
[SourceVersionDate "2006.11.23"]
[SourceQuality "1"]

1. c4 e5 2. Nc3 Nc6 3. g3 f5 4. Bg2 Nf6 5. e3 d6 6. Nge2 Be6 7. Nd5 Qd7 8. d4 Bxd5 9. cxd5 Nb4 10. Nc3 e4 11. Qb3 Nd3+ 12. Ke2 Rb8 13. h3 g5 14. Bd2 Bh6 15. Rag1 0-0 16. Rh2 Rbe8 17. Bf1 Kh8 18. Kd1 f4 19. g4 fxe3 20. fxe3 c5 21. dxc6 bxc6 22. Bxd3 Rb8 23. Qc2 exd3 24. Qb1 c5 25. Qxd3 cxd4 26. exd4 Rxb2 27. Rf2 d5 28. Rgf1 Qd6 29. Rf5 Ne4 30. Rxf8+ Bxf8 31. Nxe4 dxe4 32. Qxe4 Rxa2 33. Rf7 Rxd2+ 34. Kxd2 Qh2+ 35. Qe2 Bb4+ 36. Kd3 Qxh3+ 37. Rf3 Qh6 38. Qe8+ Kg7 39. Rf7+ 1-0

[Event "Seefeld op 13th"]
[Site "Seefeld"]
[Date "2002.09.15"]
[Round "2"]
[White "Russ, Colin"]
[Black "Joerdens, Detlef"]
[Result "0-1"]
[WhiteElo "1792"]
[BlackElo "2066"]
[PlyCount "60"]
[EventDate "2002.09.14"]
[EventType "swiss"]
[EventRounds "9"]
[EventCountry "AUT"]
[SourceTitle "EXT 2007"]
[Source "ChessBase"]
[SourceDate "2006.11.23"]
[SourceVersion "1"]
[SourceVersionDate "2006.11.23"]
[SourceQuality "1"]

1. Nf3 c5 2. g3 g6 3. Bg2 Bg7 4. 0-0 Nc6 5. d3 e6 6. Nbd2 Nge7 7. Ne4 d6 8. Bf4 e5 9. Bg5 h6 10. Bf6 0-0 11. Qd2 Be6 12. Nh4 Qc7 13. c4 Bxf6 14. Nxf6+ Kg7 15. Nd5 Qd7 16. f4 f5 17. Qc3 Bxd5 18. cxd5 Nd4 19. Rae1 Nb5 20. Qc4 exf4 21. gxf4 a6 22. e4 fxe4 23. Rxe4 Nd4 24. Rfe1 Rae8 25. Nf3 b5 26. Qc1 Nef5 27. Nxd4 Nxd4 28. Rxe8 Rxe8 29. Rxe8 Qxe8 30. Be4 Ne2+ 0-1

[Event "Seefeld op 13th"]
[Site "Seefeld"]
[Date "2002.09.14"]
[Round "1"]
[White "Joerdens, Detlef"]
[Black "Raetsky, Alexander"]
[Result "0-1"]
[WhiteElo "2066"]
[BlackElo "2423"]
[PlyCount "113"]
[EventDate "2002.09.14"]
[EventType "swiss"]
[EventRounds "9"]
[EventCountry "AUT"]
[SourceTitle "EXT 2007"]
[Source "ChessBase"]
[SourceDate "2006.11.23"]
[SourceVersion "1"]
[SourceVersionDate "2006.11.23"]
[SourceQuality "1"]

1. c4 e5 2. Nc3 Nf6 3. Nf3 Nc6 4. a3 g6 5. g3 d5 6. cxd5 Nxd5 7. d3 Bg7 8. Nxd5 Qxd5 9. Bg2 0-0 10. 0-0 h6 11. Rb1 a5 12. Bd2 a4 13. Bc3 Qb5 14. Nd2 Ra7 15. h3 Re8 16. Re1 Be6 17. Kh2 Bd5 18. Bxd5 Qxd5 19. Nc4 Nd4 20. Ne3 Qd7 21. Nc4 b5 22. Ne3 c5 23. Rc1 Nb3 24. Rc2 Qd6 25. Qb1 Rd7 26. Nf1 f5 27. Bd2 f4 28. g4 e4 29. dxe4 Rxe4 30. f3 Rd4 31. Bc3 Rd5 32. Bxg7 Kxg7 33. Kg2 c4 34. Kf2 Qb6+ 35. Kg2 Qd6 36. Kf2 g5 37. Kg2 Kf6 38. Kf2 Rd1 39. Rxd1 Qxd1 40. Qxd1 Rxd1 41. Kg2 Ke5 42. Kf2 Kd4 43. e3+ Ke5 44. exf4+ gxf4 45. h4 Nc1 46. Kg2 Nd3 47. Re2+ Kf6 48. Nd2 Kg7 49. Ne4 Ne1+ 50. Kf2 Nd3+ 51. Kg2 Nc1 52. Nc3 Rd7 53. Rc2 Nd3 54. Re2 Rb7 55. Nd5 Rd7 56. Nc3 Rb7 57. Nd5 0-1

[Event "Seefeld op 11th"]
[Site "Seefeld"]
[Date "2000.09.22"]
[Round "7"]
[White "Joerdens, Detlef"]
[Black "Plock, Christian"]
[Result "1-0"]
[WhiteElo "2064"]
[BlackElo "1635"]
[PlyCount "71"]
[EventDate "2000.09.16"]
[EventType "swiss"]
[EventRounds "9"]
[EventCountry "AUT"]
[SourceTitle "EXT 2001"]
[Source "ChessBase"]
[SourceDate "2000.11.22"]
[SourceVersion "1"]
[SourceVersionDate "2000.11.22"]
[SourceQuality "1"]

1. c4 e6 2. Nc3 d5 3. d4 Nf6 4. Bg5 Be7 5. e3 h6 6. Bh4 0-0 7. Bd3 Nbd7 8. Nf3 c6 9. h3 Re8 10. Bg3 Nf8 11. Bh2 Bb4 12. 0-0 Bxc3 13. bxc3 dxc4 14. Bxc4 Ne4 15. Qc2 Ng5 16. Nd2 g6 17. Bd3 f5 18. Rab1 Nf7 19. Nc4 Nd7 20. f4 Nf6 21. Bg3 Nd6 22. Nd2 Nd5 23. Rf3 Qa5 24. Rb3 Qc7 25. c4 Nf6 26. Bh4 Kg7 27. e4 Nfxe4 28. Nxe4 fxe4 29. Bxe4 Nf5 30. Bf2 Kf7 31. g4 Ne7 32. Bh4 Rg8 33. Qb2 h5 34. d5 cxd5 35. cxd5 hxg4 36. Qf6+ 1-0

[Event "Seefeld op 11th"]
[Site "Seefeld"]
[Date "2000.09.16"]
[Round "1"]
[White "Joerdens, Detlef"]
[Black "Lazic, Miroljub"]
[Result "0-1"]
[WhiteElo "2064"]
[BlackElo "2470"]
[PlyCount "58"]
[EventDate "2000.09.16"]
[EventType "swiss"]
[EventRounds "9"]
[EventCountry "AUT"]
[SourceTitle "EXT 2001"]
[Source "ChessBase"]
[SourceDate "2000.11.22"]
[SourceVersion "1"]
[SourceVersionDate "2000.11.22"]
[SourceQuality "1"]

1. c4 e6 2. Nc3 d5 3. d4 c6 4. e3 Nf6 5. Nf3 Nbd7 6. Bd3 Be7 7. 0-0 0-0 8. cxd5 exd5 9. Qc2 Bd6 10. Ne2 Re8 11. Ng3 g6 12. Nd2 Nf8 13. b3 Ne6 14. Bb2 h5 15. Nf3 Ng7 16. Ng5 h4 17. Ne2 Bxh2+ 18. Kh1 Bd6 19. e4 Nxe4 20. Nxe4 dxe4 21. Bxe4 Bf5 22. Bxf5 Nxf5 23. Rad1 Qg5 24. Rd3 Qh5 25. Ng1 Ng3+ 26. fxg3 hxg3+ 27. Nh3 Re2 28. Qc4 Qxh3+ 29. gxh3 g2+ 0-1

[Event "Seefeld op 10th"]
[Site "Seefeld"]
[Date "1999.09.17"]
[Round "7"]
[White "Joerdens, Detlef"]
[Black "Schumacher, Helmut"]
[Result "0-1"]
[WhiteElo "2061"]
[BlackElo "2169"]
[PlyCount "58"]
[EventDate "1999.09.11"]
[EventType "swiss"]
[EventRounds "9"]
[EventCountry "AUT"]
[SourceTitle "EXT 2001"]
[Source "ChessBase"]
[SourceDate "2000.11.22"]
[SourceVersion "1"]
[SourceVersionDate "2000.11.22"]
[SourceQuality "1"]

1. c4 e6 2. Nc3 d5 3. d4 c6 4. e3 Nf6 5. Nf3 Nbd7 6. a3 Bd6 7. b4 a6 8. c5 Bc7 9. Qc2 0-0 10. Bd3 Re8 11. 0-0 e5 12. dxe5 Nxe5 13. Nxe5 Rxe5 14. f4 Rh5 15. Ne2 Qe7 16. Ng3 Rxh2 17. Kxh2 Ng4+ 18. Kg1 Qh4 19. Rf3 Nh2 20. Nf5 Bxf5 21. Bxf5 Nxf3+ 22. gxf3 Re8 23. Bd3 Re6 24. Qf2 Qh5 25. Qg2 f5 26. Bxf5 Qxf5 27. Kf1 Rg6 28. Qh2 Qd3+ 29. Qe2 Rg1+ 0-1

[Event "Seefeld op 10th"]
[Site "Seefeld"]
[Date "1999.09.13"]
[Round "3"]
[White "Joerdens, Detlef"]
[Black "Schett, Franz"]
[Result "0-1"]
[WhiteElo "2061"]
[BlackElo "1697"]
[PlyCount "118"]
[EventDate "1999.09.11"]
[EventType "swiss"]
[EventRounds "9"]
[EventCountry "AUT"]
[SourceTitle "EXT 2001"]
[Source "ChessBase"]
[SourceDate "2000.11.22"]
[SourceVersion "1"]
[SourceVersionDate "2000.11.22"]
[SourceQuality "1"]

1. c4 b6 2. Nc3 Bb7 3. e4 c5 4. Nf3 Nc6 5. d4 cxd4 6. Nxd4 e6 7. a3 a6 8. Be3 Qc7 9. f3 Nge7 10. Nxc6 Bxc6 11. Rc1 Ng6 12. Be2 Bc5 13. Qd2 0-0 14. 0-0 Qb7 15. b4 Bxe3+ 16. Qxe3 b5 17. cxb5 axb5 18. a4 Rxa4 19. Nxa4 bxa4 20. Qc5 Nf4 21. Rf2 Nxe2+ 22. Rxe2 Bb5 23. Rd2 h6 24. h4 f5 25. e5 Ra8 26. Kh2 Kh7 27. h5 Bc6 28. Qd6 Qb5 29. Qd4 Rb8 30. Qe3 Qxb4 31. Rd4 Qe7 32. Rc3 Rb2 33. Kh3 Rb1 34. Rc1 Rb3 35. Rc3 Rb1 36. Kh2 Rb2 37. Qc1 a3 38. Kg1 Bd5 39. Kf1 Ra2 40. Ra4 Qf7 41. Raxa3 Rxa3 42. Rxa3 Qxh5 43. Qf4 Qh1+ 44. Kf2 Bc6 45. Rc3 Qb1 46. Rc1 Qb6+ 47. Qe3 Qb4 48. Kg1 Qb2 49. Kh2 g5 50. Qc3 Qf2 51. Qc5 Qh4+ 52. Kg1 g4 53. fxg4 Qxg4 54. Qf2 h5 55. Rc3 Qd1+ 56. Kh2 Qg4 57. Rg3 Qe4 58. Qf3 Kh6 59. Qe3+ f4 0-1

[Event "Seefeld op 09th"]
[Site "Seefeld"]
[Date "1998.??.??"]
[Round "5"]
[White "Joerdens, Detlef"]
[Black "Kreusch, Frank"]
[Result "1-0"]
[WhiteElo "2070"]
[BlackElo "1800"]
[PlyCount "61"]
[EventDate "1998.09.12"]
[EventType "swiss"]
[EventRounds "9"]
[EventCountry "AUT"]
[SourceTitle "EXT 2000"]
[Source "ChessBase"]
[SourceDate "1999.11.16"]
[SourceVersion "1"]
[SourceVersionDate "1999.11.16"]
[SourceQuality "1"]

1. c4 Nf6 2. Nc3 d5 3. cxd5 Nxd5 4. g3 g6 5. Bg2 Nxc3 6. bxc3 Bg7 7. Rb1 c6 8. Nf3 0-0 9. 0-0 Nd7 10. Qc2 Nb6 11. a4 Qc7 12. d3 Bd7 13. Bd2 a5 14. d4 Nc4 15. Bc1 Nd6 16. e4 Qc8 17. Bf4 b5 18. Ne5 f6 19. Nxd7 Qxd7 20. e5 fxe5 21. dxe5 Nc4 22. axb5 Nxe5 23. Bxe5 Bxe5 24. Bxc6 Qc7 25. Bxa8 Rxa8 26. Qe4 Rb8 27. c4 a4 28. Rfe1 Bf6 29. Re3 Rd8 30. b6 Qb8 31. Rd3 1-0

[Event "Seefeld op 09th"]
[Site "Seefeld"]
[Date "1998.??.??"]
[Round "7"]
[White "Joerdens, Detlef"]
[Black "Mokosch, Andreas"]
[Result "0-1"]
[WhiteElo "2070"]
[BlackElo "2185"]
[PlyCount "78"]
[EventDate "1998.09.12"]
[EventType "swiss"]
[EventRounds "9"]
[EventCountry "AUT"]
[SourceTitle "EXT 2000"]
[Source "ChessBase"]
[SourceDate "1999.11.16"]
[SourceVersion "1"]
[SourceVersionDate "1999.11.16"]
[SourceQuality "1"]

1. c4 c5 2. Nc3 g6 3. Nf3 Bg7 4. g3 Nc6 5. Bg2 d6 6. 0-0 e5 7. d3 Nge7 8. e4 0-0 9. Nh4 f5 10. exf5 Nxf5 11. Nxf5 Bxf5 12. Ne4 Qd7 13. Be3 a6 14. Qd2 Rab8 15. Rad1 b5 16. b3 b4 17. f3 Kh8 18. Nf2 a5 19. g4 Be6 20. Ne4 Bg8 21. h3 Rbe8 22. Kh1 a4 23. Ra1 Ra8 24. Bh6 Bxh6 25. Qxh6 Rf4 26. Qh4 Nd4 27. bxa4 Rxa4 28. Qe1 Nc2 29. Nxc5 Nxe1 30. Nxd7 Nxd3 31. Nb6 Ra6 32. Rad1 Rd4 33. Nd5 Bxd5 34. cxd5 Rxa2 35. Ra1 b3 36. Rxa2 bxa2 37. Ra1 Nb4 38. Bf1 Rxd5 39. Bc4 Rd2 0-1

[Event "Seefeld op 09th"]
[Site "Seefeld"]
[Date "1998.??.??"]
[Round "8"]
[White "Limberg, Siegfried"]
[Black "Joerdens, Detlef"]
[Result "1/2-1/2"]
[WhiteElo "1990"]
[BlackElo "2070"]
[PlyCount "24"]
[EventDate "1998.09.12"]
[EventType "swiss"]
[EventRounds "9"]
[EventCountry "AUT"]
[SourceTitle "EXT 2000"]
[Source "ChessBase"]
[SourceDate "1999.11.16"]
[SourceVersion "1"]
[SourceVersionDate "1999.11.16"]
[SourceQuality "1"]

1. c4 g6 2. Nc3 Bg7 3. Nf3 c5 4. d3 Nf6 5. g3 0-0 6. Bg2 Nc6 7. 0-0 d6 8. h3 e5 9. Rb1 a6 10. Bg5 h6 11. Be3 Rb8 12. Qd2 Kh7 1/2-1/2

[Event "Seefeld op 09th"]
[Site "Seefeld"]
[Date "1998.??.??"]
[Round "4"]
[White "Voss, Ingo"]
[Black "Joerdens, Detlef"]
[Result "1-0"]
[WhiteElo "2205"]
[BlackElo "2070"]
[PlyCount "49"]
[EventDate "1998.09.12"]
[EventType "swiss"]
[EventRounds "9"]
[EventCountry "AUT"]
[SourceTitle "EXT 2000"]
[Source "ChessBase"]
[SourceDate "1999.11.16"]
[SourceVersion "1"]
[SourceVersionDate "1999.11.16"]
[SourceQuality "1"]

1. d4 c5 2. c3 cxd4 3. cxd4 d5 4. Nc3 a6 5. Nf3 Nf6 6. Bf4 Bf5 7. Qb3 b5 8. a4 bxa4 9. Rxa4 Nc6 10. e3 a5 11. Bb5 Bd7 12. Ne5 Nxe5 13. dxe5 Bxb5 14. Nxb5 Ne4 15. Rxe4 dxe4 16. Qa4 e6 17. Nc7+ Ke7 18. Nxa8 Qxa8 19. 0-0 f5 20. Bg5+ Kf7 21. Qd7+ Kg6 22. Qxe6+ Kxg5 23. h4+ Kxh4 24. Qxf5 g5 25. Qh3# 1-0

[Event "Seefeld op 08th"]
[Site "Seefeld"]
[Date "1997.??.??"]
[Round "?"]
[White "Joerdens, Detlef"]
[Black "Kranebitter, Gerhard"]
[Result "1/2-1/2"]
[WhiteElo "2040"]
[BlackElo "2115"]
[PlyCount "91"]
[EventDate "1997.09.??"]
[EventType "swiss"]
[EventRounds "9"]
[EventCountry "AUT"]
[SourceTitle "EXT 2000"]
[Source "ChessBase"]
[SourceDate "1999.11.16"]
[SourceVersion "1"]
[SourceVersionDate "1999.11.16"]
[SourceQuality "1"]

1. c4 Nf6 2. Nc3 e5 3. Nf3 Nc6 4. a3 d5 5. cxd5 Nxd5 6. d4 exd4 7. Nxd4 Nxc3 8. bxc3 Bd7 9. e4 Bd6 10. g3 0-0 11. Bg2 Ne5 12. 0-0 Qc8 13. f4 Nc6 14. Re1 Bc5 15. f5 Ne5 16. Bf4 Re8 17. Kh1 a5 18. g4 Bf8 19. Re3 Nc4 20. Rh3 c5 21. g5 Ra6 22. Qh5 h6 23. gxh6 g6 24. fxg6 fxg6 25. Qd5+ Be6 26. Nxe6 Qxe6 27. e5 Kh8 28. Qxe6 Raxe6 29. Bd5 Rxe5 30. Bxe5+ Nxe5 31. Re1 Bd6 32. Bxb7 Rb8 33. Bd5 Rb2 34. c4 Kh7 35. Bf3 Nd3 36. Rf1 Nf2+ 37. Rxf2 Rxf2 38. Kg1 Rc2 39. Bd5 Bf4 40. Rf3 Bxh2+ 41. Kh1 Be5 42. Rh3 Re2 43. Rb3 Ra2 44. Rb5 Rxa3 45. Rxc5 Kxh6 46. Be4 1/2-1/2

[Event "Seefeld op 08th"]
[Site "Seefeld"]
[Date "1997.??.??"]
[Round "?"]
[White "Joerdens, Detlef"]
[Black "Voss, Ingo"]
[Result "1/2-1/2"]
[WhiteElo "2040"]
[BlackElo "2230"]
[PlyCount "77"]
[EventDate "1997.09.??"]
[EventType "swiss"]
[EventRounds "9"]
[EventCountry "AUT"]
[SourceTitle "EXT 2000"]
[Source "ChessBase"]
[SourceDate "1999.11.16"]
[SourceVersion "1"]
[SourceVersionDate "1999.11.16"]
[SourceQuality "1"]

1. c4 c6 2. Nf3 Nf6 3. Nc3 d5 4. cxd5 cxd5 5. d4 Nc6 6. e3 Bf5 7. Bb5 e6 8. 0-0 Bd6 9. a3 0-0 10. Ba4 Rc8 11. Bc2 Bg4 12. Qd3 Bxf3 13. gxf3 g6 14. f4 Ne7 15. f3 Nh5 16. Bd2 Nf5 17. Qe2 Nfg7 18. Rac1 Kh8 19. Be1 Rg8 20. Kh1 a6 21. Rg1 Qf6 22. Bf2 Rc7 23. Qe1 Qd8 24. Qd2 Rc6 25. Ne2 Qe7 26. Ba4 Rcc8 27. Rxc8 Rxc8 28. Rc1 Rxc1+ 29. Qxc1 Qc7 30. Qxc7 Bxc7 31. Bc2 Nf5 32. a4 Nd6 33. b3 Ba5 34. Ng3 Ng7 35. Kg1 Bd2 36. Kf1 Ngf5 37. Nxf5 Nxf5 38. Bxf5 gxf5 39. Ke2 1/2-1/2

[Event "Seefeld op 08th"]
[Site "Seefeld"]
[Date "1997.??.??"]
[Round "?"]
[White "Volf, Rudolf"]
[Black "Joerdens, Detlef"]
[Result "0-1"]
[WhiteElo "1630"]
[BlackElo "2040"]
[PlyCount "146"]
[EventDate "1997.09.??"]
[EventType "swiss"]
[EventRounds "9"]
[EventCountry "AUT"]
[SourceTitle "EXT 2000"]
[Source "ChessBase"]
[SourceDate "1999.11.16"]
[SourceVersion "1"]
[SourceVersionDate "1999.11.16"]
[SourceQuality "1"]

1. f4 d5 2. e3 Nf6 3. Nf3 g6 4. Ne5 Bg7 5. Be2 0-0 6. Bg4 Nxg4 7. Nxg4 c5 8. Ne5 Nd7 9. d4 f6 10. Nxd7 Bxd7 11. Nd2 cxd4 12. exd4 e5 13. dxe5 fxe5 14. fxe5 Qh4+ 15. g3 Qd4 16. Rf1 Bg4 17. Nf3 Qxd1+ 18. Kxd1 Bxf3+ 19. Kd2 Rae8 20. Kc3 Bxe5+ 21. Kb3 d4 22. Bd2 Bd5+ 23. Ka3 Bd6+ 24. Bb4 Bxb4+ 25. Kxb4 Rxf1 26. Rxf1 Rc8 27. Rf2 Be4 28. Kb3 d3 29. cxd3 Bxd3 30. a4 Kg7 31. Rd2 Bf5 32. h4 Kh6 33. Re2 Rc7 34. Ka3 Kh5 35. Re3 Rd7 36. Kb4 Kg4 37. a5 a6 38. Kc4 h5 39. b4 Rc7+ 40. Kd5 Kh3 41. Kd6 Rc6+ 42. Kd5 Kg2 43. Re7 Bc8 44. Re3 Kf2 45. Rd3 Bf5 46. Ra3 Re6 47. Kd4 Re4+ 48. Kc5 Re3 49. Ra2+ Kxg3 50. Rd2 Kxh4 51. b5 axb5 52. Kxb5 Re7 53. Rd4+ Kg5 54. Rb4 h4 55. Kb6 Rh7 56. Rb2 h3 57. Rh2 Be4 58. Kc5 Bg2 59. Kd6 Kg4 60. Kc5 Kg3 61. Rxh3+ Kxh3 62. Kb6 Bf1 63. Kc5 g5 64. Kd4 g4 65. Ke3 g3 66. Kf3 Rf7+ 67. Ke3 g2 68. Ke4 g1Q 69. a6 Qg4+ 70. Ke5 Rf5+ 71. Kd6 Qg6+ 72. Kc7 Rf7+ 73. Kb8 b5 0-1

[Event "Seefeld op 07th"]
[Site "Seefeld"]
[Date "1996.??.??"]
[Round "?"]
[White "Jedinger, Andreas"]
[Black "Joerdens, Detlef"]
[Result "1-0"]
[WhiteElo "2100"]
[BlackElo "1845"]
[PlyCount "73"]
[EventDate "1996.09.15"]
[EventType "swiss"]
[EventRounds "9"]
[EventCountry "AUT"]
[SourceTitle "EXT 2000"]
[Source "ChessBase"]
[SourceDate "1999.11.16"]
[SourceVersion "1"]
[SourceVersionDate "1999.11.16"]
[SourceQuality "1"]

1. e4 c5 2. Nf3 e6 3. d4 cxd4 4. Nxd4 a6 5. Bd3 Nf6 6. 0-0 Qc7 7. c4 Be7 8. Nc3 0-0 9. Re1 d6 10. Be3 Nbd7 11. Rc1 b6 12. f3 Bb7 13. Bf1 Rac8 14. Qe2 Qb8 15. Red1 Rfe8 16. Qf2 d5 17. cxd5 exd5 18. exd5 Bxd5 19. Bxa6 Rc5 20. Nf5 Bf8 21. Kh1 Ra5 22. Bb5 Be6 23. Nd4 Qb7 24. a4 Rc8 25. Nxe6 fxe6 26. Ne4 Nd5 27. Bd4 Raa8 28. Qg3 e5 29. Bxe5 Nxe5 30. Qxe5 Rxc1 31. Rxc1 Rd8 32. Bc6 Qe7 33. Bxd5+ Kh8 34. Qxe7 Bxe7 35. Be6 Bc5 36. Nxc5 bxc5 37. h3 1-0

[Event "Casino op 3rd"]
[Site "Velden"]
[Date "1995.??.??"]
[Round "4"]
[White "Gerndorf, Volker"]
[Black "Joerdens, Detlef"]
[Result "0-1"]
[WhiteElo "1888"]
[BlackElo "1962"]
[PlyCount "100"]
[EventDate "1995.06.30"]
[EventType "swiss"]
[EventRounds "9"]
[EventCountry "AUT"]
[SourceTitle "EXT 2022"]
[Source "ChessBase"]
[SourceDate "2021.10.06"]
[SourceVersion "1"]
[SourceVersionDate "2021.10.06"]
[SourceQuality "1"]

1. e4 c5 2. Nf3 e6 3. d4 cxd4 4. Nxd4 a6 5. Be2 Nf6 6. Bg5 Qa5+ 7. Qd2 Bb4 8. c3 Nxe4 9. cxb4 Qxg5 10. Qxg5 Nxg5 11. Nc3 f5 12. b5 0-0 13. Rc1 axb5 14. Ndxb5 Nc6 15. 0-0 Nf7 16. a3 d5 17. Nc7 Rb8 18. Rfe1 Nd6 19. Bf1 Kf7 20. b4 Bd7 21. b5 Na5 22. b6 Nac4 23. N3xd5 exd5 24. Nxd5 Rfe8 25. Red1 Bc6 26. Nc7 Red8 27. Rxc4 Nxc4 28. Bxc4+ Kg6 29. Re1 Rd6 30. h3 Kf6 31. g4 g6 32. f4 fxg4 33. hxg4 Rbd8 34. Kf2 Rd2+ 35. Kg3 Rg2+ 36. Kh3 Rgd2 37. Re6+ Kg7 38. Re7+ Kh8 39. f5 Rc2 40. Be6 g5 41. Bc4 Rxc4 42. Re3 Re4 43. Rc3 Rd1 44. Ne6 Rh1+ 45. Kg3 h6 46. Rd3 Re2 47. Rd8+ Kh7 48. Nf8+ Kg7 49. f6+ Kf7 50. Nd7 Rg2# 0-1